| 000 | 01368nam a22001937a 4500 | ||
|---|---|---|---|
| 999 |
_c62981 _d62981 |
||
| 003 | Ge_BSU | ||
| 005 | 20250422152016.0 | ||
| 008 | 250422s2019 ge ||||| |||| 00| 0 geo d | ||
| 041 | _ageo | ||
| 080 | _a636.084(075) კ-77 | ||
| 100 |
_aკორახაშვილი, ავთანდილ _95875 |
||
| 245 |
_aსაკვების ენერგეტიკული ყუათიანობა : _bსახელმძღვანელო / _cშემდგენელი ავთანდილ კორახაშვილი; რედაქტორი თამარ სანიკიძე. |
||
| 264 |
_aქუთაისი, _c2019. |
||
| 300 |
_a202 გვ. : _bცხრ., სქ. ; _c28 სმ. |
||
| 500 | _a წიგნი შედგენილი და გამოცემულია გაეროს განვითარების პროგრამა საქართველოში (UNDP) შვეიცარიის განვითარებისა და თანამშრომლობის სააგენტო (SDC) მხარდაჭერით. | ||
| 653 | _aსასოფლო-სამეურნეო ცხოველთა კვება | ||
| 700 |
_aსანიკიძე, თამარ _eრედაქტორი _924892 |
||
| 942 |
_2udc _cBK |
||